000 00672nam a2200145Ia 4500
008 090124s9999 xx 000 0 und d
082 _b32952
245 _a श्री समर्थ चरित्र खंड 1 ला श्री समर्थावतार
250 _a1
260 _bदेव शं. श्री. (शंकर श्रीकृष्ण)
_c1949
300 _a532
630 _a श्री समर्थ चरित्र खंड 1 ला श्री समर्थावतार
730 _a श्री समर्थ चरित्र खंड 1 ला श्री समर्थावतार
942 _cBOOK
999 _c180432
_d180432